[Event "Wielkopolska III Liga Juniorow 2016"]
[Site "Gniezno"]
[Date "1899-12-30"]
[Round "9.1"]
[White "Golinski, Kacper"]
[Black "Adamczewski, Maciej"]
[Result "0-1"]
[WhiteTitle "II"]
[BlackTitle "I++"]
[WhiteElo "1481"]
[BlackElo "1949"]

1. e4 c5 2. Nf3 Nc6 3. d4 cxd4 4. Nxd4 Qb6 5. Nxc6 bxc6 6. Bd3 e5 7. O-O Nf6 8.
Nc3 Be7 9. b3 O-O 10. Bb2 Bb7 11. Na4 Qc7 12. c4 d6 13. Rc1 Rad8 14. Nc3 Rfe8
15. Qc2 Nd7 16. Na4 Bg5 17. Rcd1 Nf8 18. Bc1 Bxc1 19. Rxc1 Ne6 20. Nc3 Qe7 21.
Ne2 g6 22. f4 exf4 23. Nxf4 Nd4 24. Qf2 c5 25. Nd5 Bxd5 26. exd5 f5 27. Rce1 Qg5
28. Qf4 Qxf4 29. Rxe8+ Rxe8 30. Rxf4 Re3 31. Bf1 g5 32. Rf2 Kg7 33. h3 Kf6 34.
g4 f4 35. Kh2 Ke5 36. Rb2 a5 37. Rf2 Ke4 38. Kg2 Rg3+ 39. Kh2 Nf3+ 40. Rxf3 Kxf3
41. Bd3 Rg2+ 42. Kh1 Rxa2 43. Bxh7 Kg3 44. h4 Ra1+ 45. Bb1 Rxb1# 0-1

[Event "Wielkopolska III Liga Juniorow 2016"]
[Site "Gniezno"]
[Date "1899-12-30"]
[Round "9.2"]
[White "Janiszewski, Filip"]
[Black "Markiewicz, Krzysztof"]
[Result "1-0"]
[WhiteTitle "I"]
[BlackTitle "II"]
[WhiteElo "1922"]
[BlackElo "1355"]

1. e4 c5 2. Nf3 d6 3. d4 cxd4 4. Nxd4 Nf6 5. Nc3 g6 6. Be3 Bg7 7. f3 Nc6 8. Qd2
Nxd4 9. Bxd4 Be6 10. O-O-O a6 11. g4 O-O 12. Kb1 b5 13. h4 Bc4 14. h5 gxh5 15.
gxh5 h6 16. Bxf6 exf6 17. Rg1 Kh7 18. Bh3 Be6 19. Qh2 Bxh3 20. Qxh3 Qc8 21. Qh2
Qc5 22. Nd5 Rad8 23. Qf4 Rg8 24. Rg2 Bh8 25. Qf5+ Rg6 26. hxg6+ fxg6 27. Qxg6#
1-0

[Event "Wielkopolska III Liga Juniorow 2016"]
[Site "Gniezno"]
[Date "1899-12-30"]
[Round "9.3"]
[White "Matloka, Milosz"]
[Black "Skurniak, Szymon"]
[Result "0-1"]
[WhiteTitle "II"]
[BlackTitle "I"]
[WhiteElo "1355"]
[BlackElo "1630"]

1. e4 c5 2. Nf3 a6 3. d4 cxd4 4. Nxd4 Nf6 5. Bd3 Nc6 6. Be3 g6 7. O-O Qc7 8. Qd2
Bg7 9. f3 Nxd4 10. Bxd4 Ng4 11. e5 Nxe5 12. c3 O-O 13. Kh1 d6 14. Qe2 Nxd3 15.
Qxd3 Bf5 16. Qe2 Bxd4 17. cxd4 Bxb1 18. Raxb1 Rac8 19. Rfe1 e6 20. h3 Qc4 21.
Qxc4 Rxc4 22. Red1 Rfc8 23. f4 Kg7 24. Kh2 d5 25. Kg3 Kf6 26. Kf3 Rc2 27. a3 h5
28. Rd3 b5 29. h4 R8c4 30. b4 R4c3 31. Rbd1 Rc4 32. Kg3 Re2 33. Kf3 Rcc2 34. Rg1
Rf2+ 35. Kg3 Kf5 36. Re3 f6 37. Rf3 Rxf3+ 38. gxf3 Rc3 39. Ra1 Rd3 40. a4 Rxd4
41. axb5 axb5 42. Rb1 Rxf4 43. Rb3 Rc4 44. Rb1 d4 45. Rb2 d3 46. Rb3 d2 47. Rb1
Rc1 48. Rxc1 dxc1=Q 49. f4 Qf1 50. Kh2 Kg4 51. f5 Kf3 52. fxe6 Qg2# 0-1

[Event "Wielkopolska III Liga Juniorow 2016"]
[Site "Gniezno"]
[Date "1899-12-30"]
[Round "9.4"]
[White "Ochedzan, Tymon"]
[Black "Matuszewski, Bartosz"]
[Result "0-1"]
[WhiteTitle "II+"]
[BlackTitle "II"]
[WhiteElo "1589"]
[BlackElo "1242"]

1. e4 e5 2. Nf3 Nf6 3. Nxe5 d6 4. Nf3 Nxe4 5. Nc3 Nf6 6. d4 d5 7. Bg5 c6 8. Qd2
Be7 9. O-O-O O-O 10. Ne5 h6 11. h4 Nbd7 12. f4 Re8 13. Bxf6 Nxf6 14. Be2 Bb4 15.
Qd3 Qa5 16. Kb1 Bxc3 17. bxc3 Ne4 18. Rdf1 Nxc3+ 19. Kb2 Qb4+ 20. Ka1 Qa3 21.
Qxc3 Qxc3+ 22. Kb1 Bf5 23. Bd3 Bxd3 24. Nxd3 Qxd4 25. Re1 c5 26. g3 c4 27. Ne5
Rxe5 28. Rxe5 c3 29. Rhe1 Qb4+ 30. Kc1 Qb2+ 31. Kd1 Qb1+ 32. Ke2 Qxc2+ 33. Kf3
d4 34. R1e2 Qd3+ 35. Kg4 c2 36. Re8+ Rxe8 37. Rxe8+ Kh7 38. Rc8 h5+ 39. Kg5 g6
40. Rh8+ Kxh8 41. Kh6 c1=B 42. a3 Bxf4+ 43. gxf4 Qf5 44. a4 Qxf4# 0-1

[Event "Wielkopolska III Liga Juniorow 2016"]
[Site "Gniezno"]
[Date "1899-12-30"]
[Round "9.5"]
[White "Dixa, Joanna"]
[Black "Wawrzyniak, Weronika"]
[Result "0-1"]
[WhiteTitle "II"]
[BlackTitle "I"]
[WhiteElo "1234"]
[BlackElo "1315"]

1. e4 e6 2. d4 d5 3. e5 c5 4. dxc5 Bxc5 5. Bb5+ Bd7 6. Bxd7+ Nxd7 7. Nf3 Ne7 8.
O-O Ng6 9. Re1 Qb6 10. Qe2 O-O 11. Nc3 Qc6 12. Be3 Rac8 13. Nd4 Qc7 14. f4 a6
15. Rf1 Bxd4 16. Bxd4 Qc4 17. Qxc4 Rxc4 18. Rad1 Ne7 19. Rd2 Nf5 20. Rfd1 Rfc8
21. g3 b5 22. a3 R4c6 23. Bf2 Nb6 24. Bxb6 Rxb6 25. Kf2 Rbc6 26. g4 Ne7 27. Rc1
Ng6 28. Ne2 Nf8 29. Kf3 Nd7 30. Nd4 R6c7 31. Nb3 Nb6 32. Na5 f6 33. Re2 Kf7 34.
c3 d4 35. Rec2 dxc3 36. Rxc3 Rxc3+ 37. Rxc3 Rxc3+ 38. bxc3 Na4 39. c4 bxc4 40.
Nxc4 Ke7 41. Ke4 Kd7 42. Kd4 fxe5+ 43. Nxe5+ Ke7 44. Nc6+ Kd6 45. Ne5 Nb2 46.
Nf7+ Ke7 47. Ng5 h6 48. Ne4 Na4 49. Nc5 Nxc5 50. Kxc5 Kf6 51. h4 g6 52. a4 h5
53. gxh5 gxh5 54. Kb6 Kf5 55. Kxa6 Kxf4 56. Kb7 e5 57. a5 e4 58. a6 e3 59. a7
e2 60. a8=Q e1=Q 61. Qf8+ Kg4 62. Qf6 Qxh4 63. Qd4+ Kh3 64. Qe3+ Qg3 65. Qe6+
Kh2 66. Qe2+ Qg2+ 67. Qxg2+ Kxg2 0-1

[Event "Wielkopolska III Liga Juniorow 2016"]
[Site "Gniezno"]
[Date "1899-12-30"]
[Round "9.7"]
[White "Ciesinska, Weronika"]
[Black "Niezgodka, Adam"]
[Result "0-1"]
[WhiteTitle "I"]
[BlackTitle "II"]
[WhiteElo "1697"]
[BlackElo "1627"]

1. e4 c6 2. d4 d5 3. Nc3 dxe4 4. Nxe4 Bf5 5. Ng3 Bg6 6. Nf3 Nd7 7. Bd3 Qc7 8. O-O
Ngf6 9. c3 e6 10. Re1 Bd6 11. Nf5 Bxf5 12. Bxf5 O-O-O 13. Bd3 h6 14. Qe2 Nd5 15.
Ne5 Nxe5 16. dxe5 Bc5 17. Bd2 g5 18. b4 Be7 19. a4 Qd7 20. Red1 f5 21. b5 Bc5
22. c4 Ne7 23. Be3 Bxe3 24. Qxe3 Qd4 25. Qe2 Qc5 26. a5 Ng6 27. a6 b6 28. Rd2
Qxe5 29. Qxe5 Nxe5 30. Rad1 Nxd3 31. Rxd3 Rxd3 32. Rxd3 Rd8 33. Rxd8+ Kxd8 34.
f3 Kc7 35. Kf2 cxb5 36. cxb5 Kd6 37. Ke3 Kc5 38. g4 Kxb5 39. Kd4 Kxa6 40. Ke5
fxg4 41. fxg4 b5 42. Kxe6 b4 43. Kf6 b3 44. Kg6 b2 45. Kxh6 b1=Q 46. Kxg5 Qh7
47. h4 Kb6 48. h5 a5 49. Kh4 a4 50. g5 a3 51. g6 Qh6 0-1

[Event "Wielkopolska III Liga Juniorow 2016"]
[Site "Gniezno"]
[Date "1899-12-30"]
[Round "9.8"]
[White "Pabiszczak, Nikodem"]
[Black "Kaluzny, Stanislaw"]
[Result "1/2-1/2"]
[WhiteTitle "II"]
[BlackTitle "II"]
[WhiteElo "1281"]
[BlackElo "1335"]

1. e4 c5 2. Nf3 d6 3. b3 e5 4. Bb5+ Bd7 5. Bxd7+ Qxd7 6. d3 Nc6 7. Nc3 Nf6 8. Bg5
Be7 9. Bxf6 Bxf6 10. Qd2 O-O 11. Nd5 Qd8 12. O-O h6 13. c3 a6 14. h3 Rc8 15. Rac1
b5 16. Kh2 a5 17. Qd1 b4 18. c4 Nd4 19. Nxd4 exd4 20. f4 g5 21. Qg4 Kh8 22. Nxf6
Qxf6 23. fxg5 Qe5+ 24. Kh1 hxg5 25. Rf5 Qe6 26. Qh5+ Kg7 27. Qxg5+ Qg6 28. Rcf1
f6 29. Qxg6+ Kxg6 30. R1f3 Rc7 31. Kh2 Ra7 32. Rf2 a4 33. bxa4 Rxa4 34. h4 Ra3
35. R5f3 b3 36. axb3 Rxb3 37. g4 Ra3 38. g5 Rh8 39. Kg3 fxg5 40. hxg5 Kxg5 41.
Rg2 Rh5 42. Kf2+ Kh6 43. Rf6+ Kh7 44. Rf7+ Kh6 45. Rf6+ Kh7 46. Rf7+ 1/2-1/2

[Event "Wielkopolska III Liga Juniorow 2016"]
[Site "Gniezno"]
[Date "1899-12-30"]
[Round "9.9"]
[White "Lewandowski, Witold"]
[Black "Jedras, Adrianna"]
[Result "1/2-1/2"]
[WhiteTitle "II"]
[BlackTitle "I"]
[WhiteElo "1416"]
[BlackElo "1277"]

1. e4 e5 2. Nf3 Nc6 3. Bc4 Bc5 4. c3 Nf6 5. d3 a6 6. Nbd2 O-O 7. O-O d6 8. Bb3
Bg4 9. h3 Bh5 10. Re1 Qd7 11. Nf1 h6 12. Ng3 Bg6 13. Nh4 Bh7 14. Ngf5 Bxf5 15.
Nxf5 Ne7 16. Nxe7+ Qxe7 17. Be3 Bxe3 18. fxe3 Rad8 19. Qf3 Kh8 20. d4 Nd7 21.
Rf1 f6 22. Qf5 Rde8 23. Rae1 Nb6 24. Rf3 Nc8 25. Rg3 c6 26. Rf3 exd4 27. exd4
d5 28. Bc2 Nd6 29. Qg6 dxe4 30. Rfe3 Qf7 31. Qxf7 Rxf7 32. Bxe4 Nxe4 33. Rxe4
Rxe4 34. Rxe4 Kg8 35. Kf2 Kf8 36. Kf3 Re7 37. h4 h5 38. Kf4 Rxe4+ 39. Kxe4 g6
40. c4 Ke7 41. g3 b6 42. b4 Ke6 43. a4 a5 44. bxa5 bxa5 45. Kf4 Kd6 46. g4 hxg4
47. Kxg4 Ke6 48. Kf4 Kd6 49. Kg4 1/2-1/2

[Event "Wielkopolska III Liga Juniorow 2016"]
[Site "Gniezno"]
[Date "1899-12-30"]
[Round "9.10"]
[White "Pieczewska, Gabriela"]
[Black "Lazniewski, Tadeusz"]
[Result "1-0"]
[WhiteTitle "II"]
[BlackTitle "II"]
[WhiteElo "1160"]
[BlackElo "1186"]

1. d4 d5 2. c4 e6 3. e3 Nf6 4. Nc3 c6 5. Nf3 Bd6 6. Be2 O-O 7. O-O Nbd7 8. Bd2
Bb8 9. c5 Qc7 10. h3 Ne4 11. Bd3 Ndf6 12. Ne5 Nxc3 13. Bxc3 Ne4 14. Bxe4 dxe4
15. f4 exf3 16. Nxf3 Bd7 17. b4 Qg3 18. Bb2 e5 19. dxe5 Bxh3 20. Qe2 Bg4 21. Qf2
Qxf2+ 22. Rxf2 Bxf3 23. Rxf3 Re8 24. Raf1 Bxe5 25. Bxe5 Rxe5 26. Rxf7 Rb8 27.
Rc7 Rf8 28. Rxb7 Rxe3 29. Rxf8+ Kxf8 30. Rxa7 Re4 31. a3 h6 32. Rc7 Re6 33. a4
Re4 34. a5 Rxb4 35. a6 Ra4 36. a7 Ra1+ 37. Kh2 Ke8 38. Rc8+ Kd7 39. a8=Q Rxa8
40. Rxa8 Ke6 41. Rd8 h5 42. Rd6+ Ke7 43. Rxc6 Kd7 44. Rg6 h4 45. Kh3 Kc7 46. Kxh4
Kd7 47. Rxg7+ Kc6 48. Rf7 Kxc5 49. Rd7 Kc6 50. Rd1 1-0

[Event "Wielkopolska III Liga Juniorow 2016"]
[Site "Gniezno"]
[Date "1899-12-30"]
[Round "9.13"]
[White "Waszkowiak, Kinga"]
[Black "Lapot, Arkadiusz"]
[Result "0-1"]
[WhiteTitle "III"]
[BlackTitle "II"]
[WhiteElo "1022"]
[BlackElo "1417"]

1. d4 d5 2. f4 e6 3. e3 c5 4. c3 Qb6 5. Bd3 Nf6 6. Nf3 Nc6 7. O-O Bd7 8. Nbd2 Ng4
9. Qe1 c4 10. Bc2 Ne7 11. h3 Nf6 12. e4 Qc7 13. e5 Nh5 14. Nh2 g6 15. g4 Ng7 16.
Nhf3 h5 17. Ng5 hxg4 18. hxg4 Nc6 19. Kg2 Be7 20. Rh1 O-O-O 21. Nxf7 Rxh1 22.
Qxh1 Rf8 23. Bxg6 Be8 24. Qh7 Bxf7 25. Qxg7 Bxg6 26. Qxg6 Qd7 27. Nf3 Nd8 28.
Bd2 Qa4 29. g5 Qd7 30. Rh1 Qa4 31. a3 a6 32. Qh7 Qe8 33. g6 Rg8 34. Rh6 Qf8 35.
g7 Rxg7+ 36. Ng5 Rxh7 37. Rxh7 Bxg5 38. fxg5 Qg8 39. Kg3 Qxh7 0-1

[Event "Wielkopolska III Liga Juniorow 2016"]
[Site "Gniezno"]
[Date "1899-12-30"]
[Round "9.17"]
[White "Kubiak, Aleksandra"]
[Black "Jasinska, Patrycja"]
[Result "1-0"]
[WhiteTitle "II"]
[BlackTitle "II"]
[WhiteElo "1267"]
[BlackElo "1162"]

1. f4 d5 2. Nf3 c5 3. e3 Bf5 4. b3 e6 5. Bb2 Nf6 6. Be2 Nc6 7. Bb5 a6 8. Bxc6+
bxc6 9. O-O Bd6 10. d3 O-O 11. Nbd2 h6 12. Qe1 Bh7 13. Qh4 Be7 14. Qh3 Bf5 15.
Qg3 Nh5 16. Qf2 Bf6 17. Bxf6 Nxf6 18. h3 c4 19. bxc4 dxc4 20. Nxc4 Bh7 21. Nfe5
Qc7 22. Rab1 Rab8 23. e4 Nd7 24. Nxd7 Qxd7 25. Rb6 Rxb6 26. Qxb6 Ra8 27. Ne5 Qa7
28. Qxa7 Rxa7 29. Rb1 f6 30. Rb8# 1-0

[Event "Wielkopolska III Liga Juniorow 2016"]
[Site "Gniezno"]
[Date "1899-12-30"]
[Round "9.18"]
[White "Majdecka, Nikola"]
[Black "Nowak, Roksana"]
[Result "0-1"]
[WhiteTitle "III"]
[BlackTitle "II+"]
[WhiteElo "1039"]
[BlackElo "1258"]

1. e4 e5 2. Nf3 Nc6 3. Nc3 Bc5 4. Bc4 d6 5. d3 Bg4 6. Be3 Nd4 7. Qd2 Bxf3 8. Bxd4
exd4 9. gxf3 dxc3 10. Qxc3 Qf6 11. Qb3 Bb6 12. O-O-O Ne7 13. d4 O-O 14. Kb1 Bxd4
15. c3 Bb6 16. Qc2 Qxf3 17. Be2 Qf6 18. Rhf1 Rad8 19. f3 d5 20. Ka1 d4 21. a3
dxc3 22. Qxc3 Qxc3 23. bxc3 Nc6 24. h4 Rxd1+ 25. Rxd1 Rd8 26. Rg1 Bxg1 0-1

[Event "Wielkopolska III Liga Juniorow 2016"]
[Site "Gniezno"]
[Date "1899-12-30"]
[Round "9.19"]
[White "Raczynski, Krzysztof"]
[Black "Stochnialek, Dominika"]
[Result "1-0"]
[WhiteTitle "I++"]
[BlackTitle "I"]
[WhiteElo "2088"]
[BlackElo "1438"]

1. e4 c5 2. Nf3 d6 3. d4 cxd4 4. Nxd4 Nf6 5. Nc3 g6 6. Be3 Bg7 7. f3 O-O 8. Qd2
Nc6 9. Bc4 Na5 10. Bb3 Nxb3 11. cxb3 Bd7 12. h4 h5 13. O-O-O Rc8 14. Kb1 a6 15.
Bg5 b5 16. Bxf6 Bxf6 17. Nd5 Bg7 18. Qe2 Rc5 19. g4 e6 20. Ne3 Qb6 21. b4 Rc7
22. Nb3 hxg4 23. Nxg4 Bc6 24. h5 d5 25. e5 Qb7 26. h6 Bh8 27. h7+ Kg7 28. Qe3
1-0

[Event "Wielkopolska III Liga Juniorow 2016"]
[Site "Gniezno"]
[Date "1899-12-30"]
[Round "9.20"]
[White "Wojciechowski, Antoni"]
[Black "Zurawski, Kamil"]
[Result "1-0"]
[WhiteTitle "II+"]
[BlackTitle "I"]
[WhiteElo "1514"]
[BlackElo "1673"]

1. Nf3 Nf6 2. g3 g6 3. Bg2 Bg7 4. O-O d5 5. d3 O-O 6. Nbd2 Bg4 7. c4 c6 8. Rb1
Nbd7 9. b4 a6 10. a4 e5 11. Qc2 Re8 12. h3 Bxf3 13. Bxf3 Nf8 14. Bb2 Qd6 15. e4
Ne6 16. exd5 cxd5 17. cxd5 Ng5 18. Bg2 Nxd5 19. Nc4 Rec8 20. Nxd6 Rxc2 21. h4
Nxb4 22. hxg5 Nxd3 23. Be4 Rxb2 24. Bxd3 Rxb1 25. Bxb1 b6 26. Ba2 Ra7 27. Rb1
b5 28. Nxf7 Rxf7 29. axb5 axb5 30. Rxb5 Kf8 31. Rb8+ Ke7 32. Rb7+ Ke8 33. Rxf7
1-0

[Event "Wielkopolska III Liga Juniorow 2016"]
[Site "Gniezno"]
[Date "1899-12-30"]
[Round "9.21"]
[White "Kaminski, Antoni"]
[Black "Poltorak, Sebastian"]
[Result "1-0"]
[WhiteTitle "II"]
[BlackTitle "II+"]
[WhiteElo "1537"]
[BlackElo "1693"]

1. e4 c6 2. Nc3 d5 3. Nf3 Bg4 4. h3 Bxf3 5. Qxf3 e6 6. d3 g6 7. Bd2 Bg7 8. Be2
Ne7 9. g4 Nd7 10. Qg2 d4 11. Nd1 e5 12. O-O O-O 13. f4 f6 14. Nf2 c5 15. Nh1 Qc7
16. f5 g5 17. h4 h6 18. Qh3 Kf7 19. hxg5 fxg5 20. Qh5+ Kg8 21. Ng3 Nf6 22. Qh3
Nc6 23. Kg2 Qf7 24. Nh5 Nxh5 25. gxh5 Bf6 26. Bd1 Kh7 27. Kh2 b5 28. b3 Rab8 29.
c4 bxc4 30. bxc4 Rb2 31. Rf2 Rg8 32. Qg2 Rb6 33. Bb3 a5 34. Bc1 Qxh5+ 35. Kg1
Qf7 36. Qh3 Kg7 37. Rh2 Rh8 38. Bd1 Qc7 39. Qh5 Ne7 40. Ba4 Qc8 41. Ba3 Qb8 42.
Bb5 Qc8 43. Rf1 Kg8 44. Be8 Bg7 45. Qf7+ Kh7 46. f6 Rxf6 47. Rxf6 Qg4+ 48. Rg2
Qd1+ 49. Kh2 Rf8 50. Qxe7 Rxf6 51. Bd7 Qh5+ 52. Bh3 Rf1 53. Qd7 Rf3 54. Qg4 Qf7
55. Bc1 Rf1 56. Bd2 Rf6 57. Bxa5 Rf4 58. Qe2 Rf6 59. Bf5+ Kh8 60. Rg3 Ra6 61.
Be1 Qa7 62. Qh5 Rxa2+ 63. Kh3 Qe7 64. Qg6 g4+ 65. Rxg4 Kg8 66. Bh4 Kf8 67. Bxe7+
1-0

[Event "Wielkopolska III Liga Juniorow 2016"]
[Site "Gniezno"]
[Date "1899-12-30"]
[Round "9.22"]
[White "Roszkiewicz, Anna"]
[Black "Lepski, Maksymilian"]
[Result "1-0"]
[WhiteTitle "I"]
[BlackTitle "II"]
[WhiteElo "1421"]
[BlackElo "1411"]

1. e4 c5 2. Nf3 d6 3. d4 cxd4 4. Nxd4 Nf6 5. Nc3 a6 6. Be2 e5 7. Nb3 Be6 8. O-O
Nbd7 9. f4 exf4 10. Bxf4 Ne5 11. Qe1 Be7 12. Rd1 Qc7 13. Qg3 O-O 14. Kh1 Rfd8
15. Nd4 Ng6 16. Bg5 b5 17. a3 Rac8 18. Nf5 Bxf5 19. exf5 Ne5 20. Bxf6 Bxf6 21.
Nd5 Qb7 22. Nxf6+ Kh8 23. Nh5 f6 24. c3 Qe7 25. Nf4 1-0

[Event "Wielkopolska III Liga Juniorow 2016"]
[Site "Gniezno"]
[Date "1899-12-30"]
[Round "9.23"]
[White "Nawrocka, Edyta"]
[Black "Andrzejewska, Maja"]
[Result "0-1"]
[WhiteTitle "II"]
[BlackTitle "II"]
[WhiteElo "1115"]
[BlackElo "1295"]

1. e4 c5 2. Nf3 Nc6 3. d4 cxd4 4. Nxd4 e5 5. Nf3 Nf6 6. Nc3 Bb4 7. Bc4 Bxc3+ 8.
bxc3 h6 9. O-O O-O 10. Re1 d6 11. h3 Qc7 12. Bb3 Re8 13. Bb2 Be6 14. Qd3 Rad8
15. c4 Na5 16. Nd2 Nd7 17. Bc3 Nc5 18. Qe2 Nc6 19. Nf3 Ne7 20. Rad1 Ng6 21. Bb4
Qb6 22. Ba3 Qa5 23. Bb2 Na4 24. Ba1 Nc5 25. Rd2 Rd7 26. Red1 Red8 27. Ne1 Nf4
28. Qe3 Qc7 29. Bc3 a5 30. a3 b6 31. Kh2 f5 32. g3 Ng6 33. Nd3 Nxe4 34. Bb2 Nxd2
35. Qxd2 Bxc4 36. Ba4 b5 37. Bb3 a4 38. Bxc4+ Qxc4 39. Nb4 Qc5 40. Qe2 Rc8 41.
Rd2 Qc4 42. Qh5 Qf7 43. Nd5 Rb8 44. Ne3 Ne7 45. Qe2 b4 46. axb4 Rxb4 47. Bxe5
Qe6 48. Bc3 Rb1 49. Qa6 Qe4 50. Nd1 Rxd1 51. Rxd1 Qxc2 52. Qf1 a3 53. Qe1 a2 54.
Qe6+ Kf8 55. Qxd7 Qxd1 56. Qd8+ Kf7 57. Qa5 Qd5 58. Qa7 g6 59. Ba1 Qe6 60. Bc3
Qc4 61. Ba1 Qe2 62. Bc3 Ke6 63. Ba1 Nd5 64. Qd4 Qe5 65. Qc4 Qxa1 66. Qe2+ Kf6
67. Qc4 Qb2 68. Qxd5 Qxf2+ 69. Qg2 Qxg2+ 70. Kxg2 a1=Q 71. Kf3 d5 72. Ke3 Qc3+
73. Kf2 d4 74. g4 d3 75. gxf5 Kxf5 76. h4 Qe5 77. h5 d2 78. hxg6 d1=Q 79. g7 Qdd4+
80. Kf3 Qee3+ 81. Kg2 Qdd2+ 82. Kf1 Qdf2# 0-1

[Event "Wielkopolska III Liga Juniorow 2016"]
[Site "Gniezno"]
[Date "1899-12-30"]
[Round "9.25"]
[White "Walkowski, Milosz"]
[Black "Kus, Aleksander"]
[Result "1-0"]
[WhiteTitle "I"]
[BlackTitle "I"]
[WhiteElo "1694"]
[BlackElo "1873"]

1. d4 Nf6 2. c4 g6 3. Nc3 Bg7 4. e4 d6 5. f3 O-O 6. Be3 Nc6 7. Nge2 a6 8. Qd2 Rb8
9. Nc1 e5 10. d5 Nd4 11. Nb3 Nxb3 12. axb3 c5 13. dxc6 bxc6 14. Rd1 Rxb3 15. Qxd6
Qxd6 16. Rxd6 Rxb2 17. Rxc6 Rd8 18. Bg5 Bb7 19. Rxf6 Bxf6 20. Bxf6 Re8 21. Be2
a5 22. Kf2 Ba6 23. Nb5 a4 24. Ra1 Rb4 25. Ra2 h6 26. h4 Kh7 27. g4 g5 28. hxg5
Kg6 29. Rd2 a3 30. Rd6 a2 31. Rxa6 Re6 32. Rxa2 hxg5 33. Bd8 f6 34. Ra6 Re8 35.
Bxf6 Rf8 36. Be7+ 1-0

[Event "Wielkopolska III Liga Juniorow 2016"]
[Site "Gniezno"]
[Date "1899-12-30"]
[Round "9.27"]
[White "Lorenz, Rafal"]
[Black "Leopold, Maks"]
[Result "1/2-1/2"]
[WhiteTitle "II"]
[BlackTitle "II"]
[WhiteElo "1266"]
[BlackElo "1206"]

1. e4 e5 2. Nf3 Nc6 3. Bc4 Nf6 4. Nc3 Bb4 5. d3 Bxc3+ 6. bxc3 d5 7. exd5 Nxd5 8.
Bd2 Nb6 9. Bb3 h6 10. h3 O-O 11. O-O Qf6 12. Re1 Re8 13. Nh2 Qg6 14. Kh1 Bf5 15.
Nf3 Rad8 16. Nh4 Qf6 17. Nxf5 Qxf5 18. Qe2 1/2-1/2

[Event "Wielkopolska III Liga Juniorow 2016"]
[Site "Gniezno"]
[Date "1899-12-30"]
[Round "9.29"]
[White "Janiszewska, Karolina"]
[Black "Kostecka, Marika"]
[Result "0-1"]
[WhiteTitle "III"]
[BlackTitle "I+"]
[WhiteElo "1006"]
[BlackElo "1699"]

1. e4 c5 2. d3 Nc6 3. Be2 e6 4. Nf3 g6 5. c3 Bg7 6. O-O Nge7 7. Be3 b6 8. Nbd2
d5 9. exd5 exd5 10. Bg5 O-O 11. h3 Be6 12. Qc2 Qd7 13. a3 h6 14. Bf4 Nf5 15. Rab1
a5 16. b4 axb4 17. axb4 cxb4 18. cxb4 Ncd4 19. Nxd4 Nxd4 20. Qd1 g5 21. Bg3 Nxe2+
22. Qxe2 Ra2 23. Rfc1 Bf5 24. Rb3 Qb5 25. Kh1 Bg6 26. Rd1 Qa4 27. Rbb1 Qc2 28.
Rb3 Qxb3 29. Nxb3 Rxe2 30. Kg1 Rfe8 31. Kf1 Bc3 32. f3 Rb2 33. Nc1 Bxb4 34. d4
Rd2 35. Rxd2 Bxd2 36. Nb3 Bd3+ 37. Kg1 Be3+ 38. Kh2 Bc4 39. Na1 Bxd4 40. Nc2 Bc3
41. h4 d4 42. Nxd4 Bxd4 43. hxg5 hxg5 44. Kh3 b5 45. Kg4 f6 46. Bd6 Bc3 47. Kf5
b4 48. Bxb4 Bxb4 49. Kxf6 Bd2 50. Kf5 Bf1 51. g3 Rf8+ 52. Kg4 Be2 53. Kh3 Rxf3
54. Kh2 Be1 55. Kh1 Bxg3 56. Kg1 Be5 57. Kg2 g4 58. Kh1 Bf1 59. Kg1 Bd4+ 60. Kh1
Rh3# 0-1